| 000 | 00864 a2200229 4500 | ||
|---|---|---|---|
| 020 |
_a9788170129851 _c365.00 |
||
| 035 | _aB-210651 | ||
| 037 | _bRP-ZLS-2698 / UBH-06-07:2 / RP-06-07:ENG | ||
| 082 | 1 | 4 | _a345.05 |
| 090 |
_c1781 _d1781 |
||
| 100 | 1 | _aKelkar, R.V. | |
| 245 | 1 |
_aCriminal procedure _cby R.V. Kelkar;revised by K.N. Chandrasekharan Pillai |
|
| 250 | _a4th ed reprint 2007 | ||
| 260 |
_aLucknow _bEastern Book _c2007r |
||
| 270 |
_a5-B, Atam Ram House, 5th floor, 1, Tolstory Marg, Cannaught Place, _bNew Delhi _cDelhi _e110001 _k23752323 _l011-41504440 |
||
| 300 |
_acxx, S-13, 880 p _c24 cm (pbk) |
||
| 500 | _ainclude index | ||
| 500 | _athis is reprint of 4th ed in 2007 | ||
| 700 | _aPillai, K.N.handrasekharan | ||
| 942 |
_adpl _cEN _k345005 KEL |
||
| 999 |
_c1750 _d1750 |
||